[Event "Chigorin Memorial 2018"]
[Site "St. Petersburg"]
[Date "2018.10.27"]
[Round "1.112"]
[White "Tarasov, Ilya"]
[Black "Soloviev, Mikhail"]
[Result "1-0"]
[WhiteElo "2211"]
[BlackElo "1636"]
[PlyCount "171"]
[EventDate "2018.10.27"]
[EventType "swiss"]
[EventCountry "RUS"]
[WhiteTeam "Russland"]
[BlackTeam "Russland"]
[WhiteTeamCountry "RUS"]
[BlackTeamCountry "RUS"]

1. d4 Nf6 2. c4 e6 3. Nf3 Bb4+ 4. Bd2 Qe7 5. g3 b6 6. Bg2 Bb7 7. O-O Bxd2 8. Nbxd2 O-O 9. Qc2 d5 10. Ne5 c5 11. cxd5 exd5 12. e3 Nbd7 13. Nxd7 Nxd7 14. Rfe1 Rfc8 15. Qd3 c4 16. Qc2 Nf6 17. f3 Qd7 18. Qc3 Rd8 19. Rad1 Rac8 20. Nf1 Qa4 21. e4 dxe4 22. fxe4 Nxe4 23. Qc1 Re8 24. Nd2 Nd6 25. Bxb7 Nxb7 26. Ne4 Qc6 27. d5 Qg6 28. Qf4 h6 29. a4 Rcd8 30. h4 f5 31. Nc3 Nd6 32. Kg2 Qf6 33. Qf2 Ne4 34. Nxe4 fxe4 35. Qxf6 gxf6 36. Rd4 f5 37. Kf2 Re5 38. Red1 e3+ 39. Ke2 Kf7 40. Rxc4 Rexd5 41. Rxd5 Rxd5 42. Kxe3 Ke6 43. Rc8 Rd6 44. b3 a5 45. Re8+ Kf6 46. Rg8 Ke5 47. Re8+ Kf6 48. Rc8 Ke5 49. Rh8 Rg6 50. Re8+ Kf6 51. Kf3 Kf7 52. Re5 Kf6 53. Rb5 Kg7 54. Rxf5 Rc6 55. Kf4 Kg6 56. g4 Rc1 57. Rb5 Rf1+ 58. Ke4 Rf6 59. h5+ Kg7 60. Rd5 Rc6 61. g5 hxg5 62. Rxg5+ Kh7 63. Rg6 Rc5 64. Rxb6 Rxh5 65. Rb5 Rh3 66. Kd5 Kg7 67. Kc5 Kf7 68. Kb6 Ke7 69. Kxa5 Kd7 70. b4 Kc7 71. Rg5 Rh6 72. Rg7+ Kb8 73. b5 Rf6 74. b6 Rf8 75. Kb5 Rf5+ 76. Ka6 Rf8 77. a5 Ka8 78. Kb5 Rf5+ 79. Ka6 Rf8 80. Rg5 Re8 81. Kb5 Rf8 82. a6 Re8 83. a7 Kb7 84. Rg7+ Ka8 85. Ka6 Re7 86. Rg8+ 1-0

[Event "Chigorin Memorial 2018"]
[Site "St. Petersburg"]
[Date "2018.10.27"]
[Round "1.113"]
[White "Myslevsky, Fedor"]
[Black "Pesotskiy, Mikhail"]
[Result "0-1"]
[WhiteElo "1617"]
[BlackElo "2205"]
[PlyCount "120"]
[EventDate "2018.10.27"]
[EventType "swiss"]
[EventCountry "RUS"]
[WhiteTeam "Russland"]
[BlackTeam "Russland"]
[WhiteTeamCountry "RUS"]
[BlackTeamCountry "RUS"]

1. d4 Nf6 2. Nf3 c5 3. dxc5 e6 4. Bf4 Bxc5 5. e3 d5 6. Bb5+ Bd7 7. Bxd7+ Nbxd7 8. Nbd2 O-O 9. O-O Qe7 10. Ne5 Rfd8 11. Qe2 Rac8 12. c4 Nxe5 13. Bxe5 Bb4 14. cxd5 Rc2 15. d6 Bxd6 16. Qd1 Rxd2 17. Qxd2 Bxe5 18. Qe2 g6 19. Rfd1 Rxd1+ 20. Rxd1 Qb4 21. Rd2 Qa5 22. a3 b5 23. Rc2 b4 24. Qd2 Qa4 25. f4 bxa3 26. bxa3 Bd6 27. Rc8+ Bf8 28. Qd6 Nd7 29. Qd4 Qxd4 30. exd4 Nb6 31. Rc7 Bxa3 32. Rxa7 Bb2 33. g3 Bxd4+ 34. Kg2 Nd5 35. Ra4 Bb6 36. Re4 Kg7 37. Kf3 Ba5 38. Re2 Kf6 39. Ra2 Bc7 40. Ra4 Bd8 41. Re4 h5 42. Re2 g5 43. fxg5+ Kxg5 44. Re5+ Kg6 45. h3 Nf6 46. g4 h4 47. Rc5 Nd5 48. Rc8 Bg5 49. Rg8+ Kf6 50. Kg2 Nf4+ 51. Kh2 e5 52. Re8 Ne6 53. Ra8 e4 54. Ra5 e3 55. Rf5+ Kg6 56. Kg2 Nf4+ 57. Kf3 Nxh3 58. Re5 Nf2 59. Re8 Kf6 60. Rh8 Nd3 0-1

[Event "Chigorin Memorial 2018"]
[Site "St. Petersburg"]
[Date "2018.10.27"]
[Round "1.114"]
[White "Zaichikov, Andrey"]
[Black "Isfandiyarli, Kamal"]
[Result "1-0"]
[WhiteElo "2202"]
[BlackElo "1597"]
[PlyCount "53"]
[EventDate "2018.10.27"]
[EventType "swiss"]
[EventCountry "RUS"]
[WhiteTeam "Russland"]
[BlackTeam "Aserbeidschan"]
[WhiteTeamCountry "RUS"]
[BlackTeamCountry "AZE"]

1. e4 c5 2. Nf3 e6 3. d3 d5 4. Nbd2 Nc6 5. g3 Nf6 6. Bg2 dxe4 7. dxe4 Be7 8. O-O O-O 9. c3 Qc7 10. Qc2 b6 11. Re1 Bb7 12. Nc4 Nd7 13. Bf4 e5 14. Bd2 b5 15. Ne3 Nb6 16. Rad1 Rad8 17. Nd5 Nxd5 18. exd5 Rxd5 19. Ng5 e4 20. Bf4 Rxd1 21. Rxd1 Qb6 22. Bxe4 Bxg5 23. Bxh7+ Kh8 24. Bxg5 g6 25. Bf6+ Kxh7 26. Qe4 Qd8 27. Qh4+ 1-0

[Event "Chigorin Memorial 2018"]
[Site "St. Petersburg"]
[Date "2018.10.27"]
[Round "1.115"]
[White "Vetokhina, Sofia"]
[Black "Shkurkin, Andrey"]
[Result "0-1"]
[WhiteElo "1595"]
[BlackElo "2201"]
[PlyCount "96"]
[EventDate "2018.10.27"]
[EventType "swiss"]
[EventCountry "RUS"]
[WhiteTeam "Russland"]
[BlackTeam "Russland"]
[WhiteTeamCountry "RUS"]
[BlackTeamCountry "RUS"]

1. d4 Nf6 2. c4 c5 3. d5 b5 4. cxb5 a6 5. b6 g6 6. Nc3 Bg7 7. e4 d6 8. a4 Qxb6 9. a5 Qb7 10. Nf3 O-O 11. Be2 Nbd7 12. O-O Ne8 13. Nd2 Nc7 14. Nc4 Nb5 15. Na4 Nd4 16. Nab6 Nxb6 17. Nxb6 Bd7 18. Be3 Nxe2+ 19. Qxe2 Bb5 20. Qd2 Bxf1 21. Rxf1 Rab8 22. Bh6 f5 23. Bxg7 Kxg7 24. Qc3+ Kg8 25. e5 f4 26. f3 Rf5 27. Re1 Qc7 28. exd6 exd6 29. Re6 Rd8 30. Qc4 Qb7 31. Qe4 Qg7 32. Re8+ Rxe8 33. Qxe8+ Qf8 34. Qe6+ Rf7 35. Qe2 Qe7 36. Qd2 Qe3+ 37. Qxe3 fxe3 38. Kf1 Rf4 39. Ke2 Rb4 40. Kxe3 Kf8 41. Nc8 Rxb2 42. Nxd6 Rxg2 43. Ne4 Ra2 44. Nxc5 Rxa5 45. Kd4 Ra1 46. d6 Ke8 47. Kd5 Ra5 48. Kc6 Rxc5+ 0-1

[Event "Chigorin Memorial 2018"]
[Site "St. Petersburg"]
[Date "2018.10.27"]
[Round "1.116"]
[White "Chernyak, Viktoria"]
[Black "Petrov, Maksim"]
[Result "1/2-1/2"]
[WhiteElo "2200"]
[BlackElo "1589"]
[PlyCount "107"]
[EventDate "2018.10.27"]
[EventType "swiss"]
[EventCountry "RUS"]
[WhiteTeam "Russland"]
[BlackTeam "Russland"]
[WhiteTeamCountry "RUS"]
[BlackTeamCountry "RUS"]

1. Nf3 d5 2. g3 Nf6 3. Bg2 e6 4. b3 c5 5. O-O Nc6 6. d4 cxd4 7. Nxd4 Bc5 8. Bb2 O-O 9. e3 Bd7 10. Nd2 Re8 11. N2f3 Rc8 12. Rc1 Nxd4 13. exd4 Bb4 14. c3 Bd6 15. Ne5 b5 16. Re1 Qb6 17. Qd3 Rc7 18. Nxd7 Rxd7 19. Bf1 a6 20. Re2 Rc8 21. c4 bxc4 22. bxc4 dxc4 23. Rxc4 Rxc4 24. Qxc4 Rc7 25. Qa4 Qb5 26. Qd1 Qh5 27. Qd2 Qd5 28. a3 Nd7 29. Bg2 Qb5 30. Bf1 Qd5 31. Re1 Ne5 32. Rxe5 Bxe5 33. Qb4 Bf6 34. Bxa6 Qa8 35. Bb5 Rc2 36. Bd3 Rc7 37. a4 Qb7 38. Bb5 Rc2 39. Ba3 Rc8 40. h3 Rd8 41. Bb2 Qe4 42. Bf1 Bxd4 43. Qe7 Bxf2+ 44. Kh2 Rb8 45. Qd6 Qb7 46. Bc3 Ra8 47. Qe5 f6 48. Qxe6+ Qf7 49. Qc6 Qe8 50. Qd5+ Kh8 51. Bb5 Rd8 52. Qf3 Qe3 53. Kg2 Qxf3+ 54. Kxf3 1/2-1/2

[Event "Chigorin Memorial 2018"]
[Site "St. Petersburg"]
[Date "2018.10.27"]
[Round "1.117"]
[White "Badazhkov, Egor"]
[Black "Chibukhchyan, Erik"]
[Result "0-1"]
[WhiteElo "1581"]
[BlackElo "2200"]
[PlyCount "60"]
[EventDate "2018.10.27"]
[EventType "swiss"]
[EventCountry "RUS"]
[WhiteTeam "Russland"]
[BlackTeam "Russland"]
[WhiteTeamCountry "RUS"]
[BlackTeamCountry "RUS"]

1. d4 Nf6 2. c4 g6 3. Nc3 Bg7 4. e4 d6 5. Nf3 O-O 6. h3 Na6 7. Be2 c5 8. d5 e6 9. dxe6 Bxe6 10. O-O Qb6 11. a3 Rfe8 12. Qc2 Bd7 13. Be3 Bc6 14. Bd3 Qd8 15. Rab1 Nc7 16. Nd5 b5 17. Nxf6+ Qxf6 18. cxb5 Nxb5 19. Rfe1 h6 20. Bxb5 Bxb5 21. e5 dxe5 22. Qxc5 Bc6 23. Nd2 Rec8 24. Rec1 Qe6 25. Qa5 Kh7 26. b4 a6 27. Nc4 Bxg2 28. Kxg2 Rxc4 29. Rxc4 Qxc4 30. b5 Qe4+ 0-1

[Event "Chigorin Memorial 2018"]
[Site "St. Petersburg"]
[Date "2018.10.27"]
[Round "1.118"]
[White "Perov, German"]
[Black "Shemakhanov, Danila"]
[Result "1-0"]
[WhiteElo "2196"]
[BlackElo "1559"]
[PlyCount "45"]
[EventDate "2018.10.27"]
[EventType "swiss"]
[EventCountry "RUS"]
[WhiteTeam "Russland"]
[BlackTeam "Russland"]
[WhiteTeamCountry "RUS"]
[BlackTeamCountry "RUS"]

1. e4 e6 2. d4 d5 3. exd5 exd5 4. c4 c6 5. Nc3 Nf6 6. Nf3 Bg4 7. cxd5 cxd5 8. Bb5+ Nc6 9. h3 Bxf3 10. Qxf3 a6 11. Bxc6+ bxc6 12. O-O Be7 13. Re1 O-O 14. Bg5 Re8 15. Re2 Qd7 16. Rae1 Bd8 17. Rxe8+ Nxe8 18. Qf5 Qe6 19. Rxe6 fxe6 20. Qxe6+ Kf8 21. Bxd8 Rxd8 22. Qxc6 Rd6 23. Qa8 1-0

[Event "Chigorin Memorial 2018"]
[Site "St. Petersburg"]
[Date "2018.10.27"]
[Round "1.120"]
[White "Pierecker, Markus"]
[Black "Laukhina, Margarita A."]
[Result "1-0"]
[WhiteElo "2180"]
[BlackElo "1555"]
[PlyCount "55"]
[EventDate "2018.10.27"]
[EventType "swiss"]
[EventCountry "RUS"]
[WhiteTeam "Österreich"]
[BlackTeam "Russland"]
[WhiteTeamCountry "AUT"]
[BlackTeamCountry "RUS"]

1. d4 d5 2. Nf3 Nf6 3. c4 c6 4. Nc3 dxc4 5. a4 e6 6. e3 Bb4 7. Bxc4 O-O 8. O-O Nbd7 9. Qe2 Qc7 10. e4 e5 11. Bg5 exd4 12. Nxd4 Re8 13. Bxf7+ Kxf7 14. Qc4+ Kf8 15. Qxb4+ c5 16. Qc4 Ne5 17. Ndb5 Qb6 18. Qe2 Be6 19. Bxf6 gxf6 20. f4 Bc4 21. Qh5 Bxf1 22. Qh6+ Kg8 23. fxe5 Bxb5 24. exf6 Qc7 25. axb5 Qf7 26. Rf1 Re6 27. Rf5 Rf8 28. Rg5+ 1-0

[Event "Chigorin Memorial 2018"]
[Site "St. Petersburg"]
[Date "2018.10.27"]
[Round "1.121"]
[White "Shevtsova, Stefania"]
[Black "Ivanov, Platon-Jaan"]
[Result "0-1"]
[WhiteElo "1553"]
[BlackElo "2176"]
[PlyCount "108"]
[EventDate "2018.10.27"]
[EventType "swiss"]
[EventCountry "RUS"]
[WhiteTeam "Russland"]
[BlackTeam "Estland"]
[WhiteTeamCountry "RUS"]
[BlackTeamCountry "EST"]

1. e4 c6 2. d4 d5 3. e5 Bf5 4. h4 h5 5. c4 e6 6. Nc3 dxc4 7. Bxc4 Nd7 8. Nge2 Be7 9. g3 Nb6 10. Bb3 Bg4 11. Qd3 a5 12. a3 a4 13. Ba2 Bxe2 14. Nxe2 Nh6 15. Bxh6 Rxh6 16. Nf4 Qd7 17. Rd1 g6 18. Kf1 Kf8 19. Kg2 Kg7 20. Qc3 Rhh8 21. Rd3 Nd5 22. Nxd5 cxd5 23. Rc1 Qb5 24. Rf3 Bd8 25. Qb4 Qxb4 26. axb4 Bb6 27. Rd3 Ra6 28. Rcc3 Ba7 29. Rc7 Rb6 30. Rf3 Rf8 31. Bb1 Rxb4 32. Rf6 Rxb2 33. Rxg6+ Kh7 34. Bd3 a3 35. Rf6+ Kg8 36. Bg6 Bb6 37. Rd7 Rxf2+ 38. Rxf2 fxg6 39. Ra2 Ra8 40. Rxb7 Bxd4 41. Re7 Ra6 42. Rc2 Ra8 43. Ra2 Bb2 44. Rxe6 Kf7 45. Rf6+ Kg7 46. Rd6 Ra5 47. Rd7+ Kf8 48. e6 d4 49. Kf3 Re5 50. Rf7+ Ke8 51. Rf6 d3 52. e7 Kxe7 53. Rc6 d2 54. Rc7+ Kd8 0-1

[Event "Chigorin Memorial 2018"]
[Site "St. Petersburg"]
[Date "2018.10.27"]
[Round "1.122"]
[White "Stukan, Martin"]
[Black "Pradeep, Pandya"]
[Result "1-0"]
[WhiteElo "2173"]
[BlackElo "1537"]
[PlyCount "75"]
[EventDate "2018.10.27"]
[EventType "swiss"]
[EventCountry "RUS"]
[WhiteTeam "Russland"]
[BlackTeam "Indien"]
[WhiteTeamCountry "RUS"]
[BlackTeamCountry "IND"]

1. d4 Nf6 2. c4 g6 3. Nc3 Bg7 4. e4 d6 5. f3 Nbd7 6. Be3 c6 7. Bd3 Qb6 8. Qd2 Qa5 9. Nge2 Nf8 10. Rb1 Bd7 11. b4 Qc7 12. d5 Rc8 13. O-O h5 14. c5 N8h7 15. dxc6 bxc6 16. cxd6 exd6 17. Ba6 Rd8 18. Rfd1 Be6 19. b5 c5 20. e5 dxe5 21. Qxd8+ Qxd8 22. Rxd8+ Kxd8 23. Bxc5 Nd7 24. Bxa7 Bc4 25. Rb4 Bd3 26. Nc1 e4 27. Nxe4 Bxe4 28. Rxe4 Ng5 29. Rc4 Ke7 30. b6 Ne6 31. b7 Ndc5 32. b8=Q Rxb8 33. Bxb8 Nxa6 34. Bg3 Nac5 35. Bf2 Nd7 36. a4 Ne5 37. Rc2 Nd4 38. Bxd4 1-0

[Event "Chigorin Memorial 2018"]
[Site "St. Petersburg"]
[Date "2018.10.27"]
[Round "1.123"]
[White "Petrova, Varvara"]
[Black "Hakobyan, Hovhannes H."]
[Result "0-1"]
[WhiteElo "1515"]
[BlackElo "2168"]
[PlyCount "92"]
[EventDate "2018.10.27"]
[EventType "swiss"]
[EventCountry "RUS"]
[WhiteTeam "Russland"]
[BlackTeam "Armenien"]
[WhiteTeamCountry "RUS"]
[BlackTeamCountry "ARM"]

1. e4 c5 2. Nf3 Nc6 3. d4 cxd4 4. Nxd4 g6 5. c4 Bg7 6. Be3 Nf6 7. Nc3 O-O 8. Be2 d6 9. O-O Bd7 10. Qd2 Nxd4 11. Bxd4 Bc6 12. f3 a5 13. Rfd1 Nd7 14. Bxg7 Kxg7 15. Qd4+ Kg8 16. b3 Qb6 17. Qxb6 Nxb6 18. a3 Rfc8 19. Rac1 Rc7 20. b4 axb4 21. axb4 Ra3 22. b5 Bd7 23. Nd5 Nxd5 24. cxd5 Rcc3 25. Rxc3 Rxc3 26. Ra1 Rc5 27. Rb1 f5 28. Kf2 b6 29. Bd3 f4 30. Ke2 Kf7 31. Kd2 Kf6 32. Rb2 Ke5 33. Rb1 g5 34. Rb2 h6 35. Rb1 h5 36. h3 e6 37. dxe6 Bxe6 38. Ra1 Kd4 39. Ra4+ Bc4 40. Rb4 d5 41. exd5 Kxd5 42. Rb1 Kd6 43. Bxc4 Rxc4 44. Kd3 Kc5 45. Re1 Kxb5 46. Rb1+ Rb4 0-1

[Event "Chigorin Memorial 2018"]
[Site "St. Petersburg"]
[Date "2018.10.27"]
[Round "1.124"]
[White "Eynullayev, Atilla"]
[Black "Tarielashvili, Diana"]
[Result "1-0"]
[WhiteElo "2164"]
[BlackElo "1503"]
[PlyCount "91"]
[EventDate "2018.10.27"]
[EventType "swiss"]
[EventCountry "RUS"]
[WhiteTeam "Aserbeidschan"]
[BlackTeam "Russland"]
[WhiteTeamCountry "AZE"]
[BlackTeamCountry "RUS"]

1. d4 Nf6 2. c4 g6 3. Nc3 Bg7 4. e4 d6 5. Be2 O-O 6. Be3 c6 7. Nf3 e5 8. d5 c5 9. O-O Ng4 10. Bg5 Bf6 11. Bd2 Bg7 12. h3 Nf6 13. Ne1 a6 14. a3 Nbd7 15. b4 b6 16. Nd3 Re8 17. Rb1 Qe7 18. Qc2 Nf8 19. bxc5 bxc5 20. Qa4 Bd7 21. Qa5 Qd8 22. Qb6 Qe7 23. Qb7 Reb8 24. Qxb8 Rxb8 25. Rxb8 h6 26. Ra8 g5 27. Rxa6 Ng6 28. Ra7 Qd8 29. Rb1 g4 30. hxg4 Bxg4 31. Bxg4 Nxg4 32. f3 Nf6 33. Rab7 Qa5 34. a4 Qa6 35. R1b5 Bf8 36. a5 Kg7 37. Na4 Qa8 38. Rb8 Qa7 39. R5b7 Qa6 40. Ndb2 Nh5 41. Nb6 Ng3 42. Rc7 Ne2+ 43. Kf2 Nd4 44. Ra8 Qxa8 45. Nxa8 Nb3 46. Bc3 1-0

[Event "Chigorin Memorial 2018"]
[Site "St. Petersburg"]
[Date "2018.10.27"]
[Round "1.125"]
[White "Chertkov, Maksim"]
[Black "Azimov, Ilyas"]
[Result "1-0"]
[WhiteElo "1502"]
[BlackElo "2162"]
[PlyCount "83"]
[EventDate "2018.10.27"]
[EventType "swiss"]
[EventCountry "RUS"]
[WhiteTeam "Russland"]
[BlackTeam "Russland"]
[WhiteTeamCountry "RUS"]
[BlackTeamCountry "RUS"]

1. e4 c5 2. Nf3 e6 3. d4 cxd4 4. Nxd4 Nc6 5. Nc3 a6 6. Be2 Qc7 7. O-O Nf6 8. Re1 d6 9. Bf3 Ne5 10. Be2 b5 11. f4 Ng6 12. a4 b4 13. Na2 Nxe4 14. Nxb4 d5 15. Nd3 Bd6 16. g3 O-O 17. Bf3 Nf6 18. Qe2 Bb7 19. Kg2 Rfe8 20. Ne5 Nd7 21. Ng4 Rac8 22. c3 Nc5 23. f5 exf5 24. Qxe8+ Rxe8 25. Rxe8+ Bf8 26. Nxf5 Qd7 27. Nfh6+ Kh8 28. Ne5 Qxe8 29. Nexf7+ Qxf7 30. Nxf7+ Kg8 31. Ng5 Be7 32. Be3 Nd3 33. Rd1 Nge5 34. Bf4 h6 35. Bxe5 Nxe5 36. Bxd5+ Bxd5+ 37. Rxd5 Nc4 38. Rd4 Nxb2 39. Ne4 Kf7 40. Kf3 g6 41. Ke3 Bf8 42. Kd2 1-0

[Event "Chigorin Memorial 2018"]
[Site "St. Petersburg"]
[Date "2018.10.27"]
[Round "1.126"]
[White "Vunder, Andrey"]
[Black "Lapin, Artem"]
[Result "1-0"]
[WhiteElo "2162"]
[BlackElo "1496"]
[PlyCount "59"]
[EventDate "2018.10.27"]
[EventType "swiss"]
[EventCountry "RUS"]
[WhiteTeam "Russland"]
[BlackTeam "Russland"]
[WhiteTeamCountry "RUS"]
[BlackTeamCountry "RUS"]

1. d4 d5 2. Bf4 c5 3. e3 Nc6 4. c3 f6 5. Bb5 e6 6. Nd2 Nge7 7. h4 h5 8. Ngf3 Ng6 9. Bg3 Bd6 10. Bxd6 Qxd6 11. Qc2 Nge7 12. Rd1 a6 13. Bd3 Kf8 14. dxc5 Qxc5 15. e4 Kf7 16. O-O Bd7 17. Rfe1 Rhe8 18. Nb3 Qb6 19. Qe2 Kf8 20. Nfd4 Nxd4 21. cxd4 g6 22. Nc5 Rad8 23. exd5 Nxd5 24. Bxg6 Re7 25. Qxh5 Kg8 26. Be4 Bc6 27. Rd3 Be8 28. Rg3+ Rg7 29. Qh7+ Kf8 30. Qxg7# 1-0

[Event "Chigorin Memorial 2018"]
[Site "St. Petersburg"]
[Date "2018.10.27"]
[Round "1.127"]
[White "Petrova, Anzhelika"]
[Black "Pujari, Rucha"]
[Result "0-1"]
[WhiteElo "1445"]
[BlackElo "2160"]
[PlyCount "90"]
[EventDate "2018.10.27"]
[EventType "swiss"]
[EventCountry "RUS"]
[WhiteTeam "Russland"]
[BlackTeam "Indien"]
[WhiteTeamCountry "RUS"]
[BlackTeamCountry "IND"]

1. d4 d5 2. Nf3 Nf6 3. c4 e6 4. Nc3 Be7 5. e3 O-O 6. Bd3 dxc4 7. Bxc4 b6 8. O-O Bb7 9. Qe2 a6 10. a4 c5 11. Rd1 Qc7 12. dxc5 Bxc5 13. Bb3 Nbd7 14. Bd2 Ng4 15. h3 Bxf3 16. Qxf3 Qh2+ 17. Kf1 Nge5 18. Qe4 Nf6 19. Qf4 Qxf4 20. exf4 Nd3 21. Be3 Nxb2 22. Bxc5 Nxd1 23. Bxf8 Nxc3 24. Bb4 Nfd5 25. Bxc3 Nxc3 26. Bc4 Ne4 27. Rd1 Kf8 28. Rd4 Nc5 29. Be2 Ke7 30. Ke1 Rd8 31. Rb4 Rd6 32. Rc4 a5 33. g4 f5 34. f3 Kd8 35. Kf2 Rd2 36. Ke1 Ra2 37. Rd4+ Ke7 38. Bb5 Rh2 39. gxf5 exf5 40. Bf1 g6 41. Rc4 Ra2 42. Rc3 Rxa4 43. Re3+ Kd6 44. Re8 Rxf4 45. Kf2 a4 0-1

[Event "Chigorin Memorial 2018"]
[Site "St. Petersburg"]
[Date "2018.10.27"]
[Round "1.128"]
[White "Postnikov, Roman"]
[Black "Mutina, Sofia"]
[Result "1-0"]
[WhiteElo "2158"]
[BlackElo "1441"]
[PlyCount "67"]
[EventDate "2018.10.27"]
[EventType "swiss"]
[EventCountry "RUS"]
[WhiteTeam "Russland"]
[BlackTeam "Russland"]
[WhiteTeamCountry "RUS"]
[BlackTeamCountry "RUS"]

1. d4 d5 2. c4 e6 3. Nf3 Nf6 4. Nc3 Be7 5. Bf4 O-O 6. e3 Nbd7 7. h3 b6 8. cxd5 Nxd5 9. Bg3 Bb7 10. Bd3 c5 11. O-O Rc8 12. Rc1 cxd4 13. exd4 N7f6 14. Be2 Nxc3 15. bxc3 Ne4 16. Qd3 Ba3 17. Rc2 Nxg3 18. fxg3 Qd6 19. Ng5 f5 20. Qe3 Rf6 21. c4 Rd8 22. Rd1 Bb4 23. c5 Qe7 24. a3 Ba5 25. c6 Ba8 26. d5 b5 27. Qb3 Bb6+ 28. Kh1 Qd6 29. c7 Bxc7 30. dxe6 Bd5 31. Rxd5 Qxd5 32. Qxd5 Rxd5 33. Rxc7 Re5 34. e7 1-0

[Event "Chigorin Memorial 2018"]
[Site "St. Petersburg"]
[Date "2018.10.27"]
[Round "1.129"]
[White "Mustafazade, Fikrat"]
[Black "Semenenko, Sergey"]
[Result "0-1"]
[WhiteElo "1404"]
[BlackElo "2157"]
[PlyCount "80"]
[EventDate "2018.10.27"]
[EventType "swiss"]
[EventCountry "RUS"]
[WhiteTeam "Aserbeidschan"]
[BlackTeam "Russland"]
[WhiteTeamCountry "AZE"]
[BlackTeamCountry "RUS"]

1. d4 Nf6 2. c4 e6 3. a3 d5 4. cxd5 exd5 5. Nc3 c6 6. Bg5 Bf5 7. e3 Nbd7 8. Bd3 Bg6 9. Nf3 Be7 10. O-O O-O 11. Qc2 Re8 12. Na4 Ne4 13. Bxe7 Qxe7 14. b4 Nd6 15. Bxg6 hxg6 16. Nc5 Nb6 17. Ne5 Nbc4 18. Nxc4 Nxc4 19. a4 a5 20. b5 cxb5 21. axb5 b6 22. Na4 Rac8 23. Qd3 Rc7 24. h3 Qd7 25. Rab1 Re6 26. Rb3 Qd6 27. Re1 f5 28. g3 Re8 29. Nc3 Rec8 30. Na4 Qe6 31. h4 f4 32. gxf4 Qg4+ 33. Kh2 Nd2 34. Qxd2 Rc2 35. Re2 Rxd2 36. Rxd2 Rc1 37. Rd1 Rxd1 38. Rb1 Rxb1 39. Nb2 Rg1 40. f3 Qg2# 0-1

[Event "Chigorin Memorial 2018"]
[Site "St. Petersburg"]
[Date "2018.10.27"]
[Round "1.130"]
[White "Sokolov, Ilia"]
[Black "Airapetyan, Anzhelika"]
[Result "1-0"]
[WhiteElo "2150"]
[BlackElo "1397"]
[PlyCount "75"]
[EventDate "2018.10.27"]
[EventType "swiss"]
[EventCountry "RUS"]
[WhiteTeam "Russland"]
[BlackTeam "Russland"]
[WhiteTeamCountry "RUS"]
[BlackTeamCountry "RUS"]

1. Nf3 Nf6 2. g3 e6 3. Bg2 Be7 4. O-O d5 5. c4 O-O 6. d4 c6 7. cxd5 cxd5 8. Nc3 Nbd7 9. Bf4 a6 10. Qd3 Re8 11. Rac1 Nf8 12. Nb5 e5 13. Nc7 exf4 14. Nxa8 Bd6 15. Qb3 b5 16. Ne5 Bb7 17. Nc6 Qxa8 18. Bxd5 Nxd5 19. Qxd5 Bc7 20. Rc2 Re6 21. Rfc1 fxg3 22. hxg3 Bd6 23. Qf3 Ng6 24. d5 Rf6 25. Qg4 Nf4 26. Ne7+ Kf8 27. Qd7 Nh3+ 28. Kh2 g6 29. Rc8+ Bxc8 30. Rxc8+ Qxc8 31. Nxc8 Bxg3+ 32. fxg3 Ng5 33. Qe7+ Kg7 34. Qe5 h6 35. Nd6 Nh7 36. Ne8+ Kf8 37. Nxf6 Nxf6 38. Qxf6 1-0

[Event "Chigorin Memorial 2018"]
[Site "St. Petersburg"]
[Date "2018.10.27"]
[Round "1.131"]
[White "Romanov, Ivan I."]
[Black "Arbuzov, Mikhail"]
[Result "0-1"]
[WhiteElo "1385"]
[BlackElo "2146"]
[PlyCount "50"]
[EventDate "2018.10.27"]
[EventType "swiss"]
[EventCountry "RUS"]
[WhiteTeam "Russland"]
[BlackTeam "Russland"]
[WhiteTeamCountry "RUS"]
[BlackTeamCountry "RUS"]

1. d4 e6 2. c4 b6 3. Nf3 Bb7 4. g3 Nf6 5. Bg2 c5 6. O-O cxd4 7. Nxd4 Bxg2 8. Kxg2 Qc7 9. b3 Be7 10. Nb5 Qc6+ 11. Kg1 a6 12. Nd4 Qb7 13. Nc3 O-O 14. Bb2 Nc6 15. Nxc6 Qxc6 16. Rc1 Rac8 17. Qc2 Rfd8 18. Rfd1 h5 19. e4 h4 20. e5 h3 21. f4 Bc5+ 22. Kf1 Qh1+ 23. Ke2 Qg2+ 24. Ke1 Qg1+ 25. Kd2 Qe3# 0-1

[Event "Chigorin Memorial 2018"]
[Site "St. Petersburg"]
[Date "2018.10.27"]
[Round "1.132"]
[White "Kavyev, Ruslan"]
[Black "Kobak, Polina"]
[Result "1-0"]
[WhiteElo "2145"]
[BlackElo "1373"]
[PlyCount "49"]
[EventDate "2018.10.27"]
[EventType "swiss"]
[EventCountry "RUS"]
[WhiteTeam "Russland"]
[BlackTeam "Russland"]
[WhiteTeamCountry "RUS"]
[BlackTeamCountry "RUS"]

1. e4 e6 2. d4 d5 3. Nc3 Nf6 4. Bg5 dxe4 5. Nxe4 Be7 6. Bxf6 Bxf6 7. Nf3 O-O 8. c3 Bd7 9. Bd3 h6 10. Qe2 Bc6 11. O-O-O Nd7 12. h4 a6 13. g4 g6 14. g5 Bg7 15. h5 hxg5 16. hxg6 fxg6 17. Nfxg5 Bxe4 18. Nxe4 Qe7 19. Rdg1 Nf6 20. Rxg6 Nxe4 21. Qxe4 Rxf2 22. Rhg1 Rf7 23. Rxg7+ Rxg7 24. Qh7+ Kf8 25. Qh8+ 1-0

[Event "Chigorin Memorial 2018"]
[Site "St. Petersburg"]
[Date "2018.10.27"]
[Round "1.133"]
[White "Lozovoi, Georgy"]
[Black "Galchenko, Vadim"]
[Result "0-1"]
[WhiteElo "1315"]
[BlackElo "2135"]
[PlyCount "120"]
[EventDate "2018.10.27"]
[EventType "swiss"]
[EventCountry "RUS"]
[WhiteTeam "Russland"]
[BlackTeam "Russland"]
[WhiteTeamCountry "RUS"]
[BlackTeamCountry "RUS"]

1. e4 e6 2. d4 d5 3. exd5 exd5 4. Nf3 Bd6 5. Nc3 c6 6. Be2 Ne7 7. Bg5 O-O 8. O-O f6 9. Be3 Re8 10. Re1 Nd7 11. Qd2 Qc7 12. Bd3 Nf8 13. h3 Nf5 14. Rab1 Nxe3 15. Rxe3 Bf4 16. Rbe1 Bxe3 17. Rxe3 Rxe3 18. Qxe3 Be6 19. Ne2 Re8 20. Nf4 Bf7 21. Qd2 g5 22. Ne2 Bg6 23. Ng3 Qd7 24. a3 b6 25. Kf1 Qe6 26. b3 Kg7 27. Qd1 Qd6 28. b4 a5 29. c3 axb4 30. cxb4 Qf4 31. Kg1 Ne6 32. Ne2 Qd6 33. Ng3 Nf4 34. Bf5 Ne2+ 35. Nxe2 Bxf5 36. Ng3 Bg6 37. h4 gxh4 38. Nxh4 Qf4 39. Nf3 h5 40. Qd2 Qxd2 41. Nxd2 Re1+ 42. Kh2 Ra1 43. Ngf1 Rd1 44. Kg1 Bd3 45. f3 Bxf1 46. Nxf1 Rxd4 47. Ne3 Rd3 48. Nf5+ Kg6 49. Ne7+ Kg5 50. Nxc6 Rxa3 51. Kf2 h4 52. Nd4 Ra2+ 53. Kf1 Kf4 54. Ne6+ Kg3 55. b5 Rxg2 56. Nd4 h3 57. Nf5+ Kxf3 58. Nh4+ Kg3 59. Nf5+ Kf4 60. Ne7 Rg5 0-1

[Event "Chigorin Memorial 2018"]
[Site "St. Petersburg"]
[Date "2018.10.27"]
[Round "1.134"]
[White "Vasiliev, Georgiy"]
[Black "Burkin, Aleksandr"]
[Result "1-0"]
[WhiteElo "2124"]
[BlackElo "1309"]
[PlyCount "53"]
[EventDate "2018.10.27"]
[EventType "swiss"]
[EventCountry "RUS"]
[WhiteTeam "Russland"]
[BlackTeam "Russland"]
[WhiteTeamCountry "RUS"]
[BlackTeamCountry "RUS"]

1. c4 c6 2. Nf3 Nf6 3. Nc3 e6 4. e4 d5 5. e5 Nfd7 6. d4 Be7 7. Bd3 dxc4 8. Bxc4 b5 9. Bd3 Bb7 10. O-O O-O 11. Qe2 a6 12. Ne4 Re8 13. Bg5 Bxg5 14. Nfxg5 h6 15. Nxf7 Kxf7 16. Nd6+ Kg8 17. Nxb7 Qb6 18. Nd6 Rd8 19. Rad1 Nf8 20. Be4 Qc7 21. f4 Nbd7 22. f5 exf5 23. Nxf5 Qa7 24. Nxh6+ Kh8 25. Nf7+ Kg8 26. Qh5 c5 27. Qh8# 1-0